Propuesta de guía para evaluar las buenas prácticas de manufactura en la industria farmacéutica
Presenta una propuesta de guía para evaluar las buenas prácticas de manufactura en la Industria Farmacéutica. En la actualidad existe una herramienta con la que cualquier laboratorio farmacéutico puede evaluar la calidad de manufactura de sus productos llamados guía de inspección de Buenas Pra...
| Main Authors: | , |
|---|---|
| Other Authors: | |
| Format: | Tesis Section = Libro |
| Language: | Undetermined Spanish |
| Published: |
Managua
UNI
2005
|
| Subjects: |
| LEADER | 01196nam a2200253Ia 4500 | ||
|---|---|---|---|
| 008 | 240830s9999 xx 000 0 und d | ||
| 040 | |a BIBLIOTECA-RUPAP Mon 658.5 M539 | ||
| 041 | |a spa | ||
| 082 | |a Mon 658.5 M539 | ||
| 100 | 1 | |a Mendoza Rubí, Claudia Patricia | |
| 100 | 1 | |b Martínez Caldera, Rosa Francis | |
| 245 | 1 | 0 | |a Propuesta de guía para evaluar las buenas prácticas de manufactura en la industria farmacéutica |
| 260 | |a Managua |b UNI |c 2005 | ||
| 300 | |a 112 p. :il. | ||
| 500 | |a Contiene: anexos. | ||
| 502 | |a Tesis (Ingeniero Industrial)- UNI, 2005. | ||
| 520 | 3 | |a Presenta una propuesta de guía para evaluar las buenas prácticas de manufactura en la Industria Farmacéutica. En la actualidad existe una herramienta con la que cualquier laboratorio farmacéutico puede evaluar la calidad de manufactura de sus productos llamados guía de inspección de Buenas Prácticas de Manufactura. (BPM). | |
| 650 | 7 | |a ADMINISTRACION DE LA PRODUCCION - INDUSTRIA FARMACEUTICA | |
| 650 | 7 | |b INSPECCION - INDUSTRIA FARMACEUTICA | |
| 650 | 7 | |c PROPUESTA GUIA DE INSPECCION | |
| 700 | 1 | |a Tutor: |b D´melo Carvalho, Aristeu Tadeu | |
| 942 | |c BK |2 ddc | ||
| 991 | |a TESIS | ||
| 999 | |c 17449 | ||